00400 2200157 4500001002100000005001500021035002000036245006300056100002500119300001200144260003100156082000800187084001400195020002100209990001200230INLIS00000000000179520250506093706 a0010-05250000871 aGado-Gado Kredo :b101 Puisi Humor /cHerry Gendut Janarto0 aHerry Gendut Janarto a156 hlm aJakarta :bGramedia,c2016 a800 a800 HER g a978-62-424-140-7 a0754578